000 00669cam a22002292a 4500
001 025945
003 AR-FADEU
008 311216n1984####xxu####################dd
020 _a950-614-307-9
092 _a108
_bP831
_eSOCIOLOGIA
100 _aPopper, Karl R.
245 _aLa sociedad abierta y sus enemigos
260 _aBuenos Aires
260 _bOrbis
260 _bHyspamerica
260 _c1984
300 _a2 v
440 _aHistoria del pensamiento
_n47/48
500 _aTomo 47 (edición íntegra primera parte) -- Tomo 48 (edición íntegra segunda parte)
650 _aFILOSOFIA-COLECCION; PENSAMIENTO-COLECCION/SOCIOLOGIA/
942 _cBDGR
999 _c31629
_d31629